000 00727nam a2200265Ia 4500
003 OSt
005 20221006140833.0
006 a|||||r|||| 00| 0
007 ta
008 221006b |||||||| |||| 00| 0 eng d
020 _cP 11.50
024 _a747
037 _b45807, 19/02/2001, S S S
_cTextual
040 _aEASL
_cEASL
_beng
041 _2eng
_aeng
082 _aY:1.41, P0
100 _aHUOT Claire
_9643561
245 0 _aChina's new cultural scene
_bA handbook of changes
260 _aDurham
_bDuke University Press
_c2000
300 _a258p.
_ccm.
490 _v CEL
650 _aCEL
942 _hY:1.41, P0
_cTEXL
_2CC
999 _c1068833
_d1068833